| 000 | 00396nam a2200145Ia 4500 | ||
|---|---|---|---|
| 008 | 151021s9999 xx 000 0 und d | ||
| 020 | _a9.7881317248e+012 | ||
| 050 | _aHF173.B58 2009 | ||
| 245 | _a_Financial Economics (2nd ed) | ||
| 260 | _aIndia Pearson Education 2009 | ||
| 300 | _a528p.:ill | ||
| 500 | _aInclude Index | ||
| 650 | _a_Economics | ||
| 980 | _a^d20110121 02:59:12^okilerai | ||
| 999 |
_c6384 _d6384 |
||